| 000 | 00601nam a2200181Ia 4500 | ||
|---|---|---|---|
| 008 | 220216s9999 xx 000 0 und d | ||
| 100 | _aKoshy A.T. | ||
| 245 | 0 | _aMiscibility behaviour of natural rubber, ethylene vinyl acetate copolymer blends | |
| 260 |
_bProceedings of the Eighth Annual Meeting of the Polymer Processing Society, 24-27 March 1992, New Delhi, India, pp.276-277. _c1992 |
||
| 650 | _aBlend | ||
| 650 | _aEthylene vinyl acetate | ||
| 650 | _aMiscibility | ||
| 650 | _aNatural rubber | ||
| 700 | _aKuriakose B. | ||
| 700 | _aThomas S. | ||
| 700 | _aVarghese S. | ||
| 942 | _cBS | ||
| 999 |
_c51008 _d51008 |
||